000 00811cab a2200277 4500
001 ABS48011
008 090401t1993 xxu||||| |||| 00| 0 eng d
035 _a(Sirsi) u64432
041 _aeng
245 _aFocus `93: South Yorkshire
260 _c1993
350 _a0
490 _aEstates Gazette
_v(9306) 13 February 1993, 55-73(13)
650 _aBARNSLEY
650 _aDONCASTER
650 _aINDUSTRIAL MARKET
650 _aMEADOWHALL
650 _aPROPERTY-COMMERCIAL PROPERTY-OFFICE PROPERTY-OFFICE PROPERTY MARKET
650 _aPROPERTY-COMMERCIAL PROPERTY-RETAIL PROPERTY-RETAIL PROPERTY MARKET
650 _aROTHERHAM
650 _aSHEFFIELD
650 _aSOUTH YORKSHIRE
690 _aPROPERTY-COMMERCIAL PROPERTY-COMMERCIAL PROPERTY MARKET
942 _n0
948 _c04/03/1997
999 _c40131
_d40131